00488nam a2200169Ia 450000500170000000800410001702000150005808200130007310000160008624500830010226000430018530000200022865000200024865000230026865000110029165000160030220240926071537.0240331s9999 xx 000 0 und d a0674177649 bSPIa801 aSpivak, G.C 2aA critique of postcolonial reason :btoward a history of the vanishing present aLondonbHarvard University pressc1999 axiii, 449 p ., aPostcolonialism aFeminist Criticism aWomen  a literature